Größte Ökostrom Produzenten - Statistiken

Allgemein
  • Dieses Quiz wurde 57 mal gespielt
    55 seit der letzten Aktualisierung
  • Das Durchschnittsergebnis liegt bei 9 aus 10
Antwortstatistiken
Hint Antwort % Korrekt
209,2 TWh Deutschland
100%
458,5 TWh USA
100%
634,2 TWh China
98%
112,1 TWh Japan
95%
46,8 TWh Frankreich
91%
70,7 TWh Spanien
89%
66 TWh Italien
87%
121,5 TWh Indien
82%
104,5 TWh Brasilien
78%
105,6 TWh Großbritannien
53%
Keine übereinstimmenden Quizze gefunden
Verteilung der Resultate
Anzahl Personen mit jedem Resultat
Perzentil nach korrekt beantworteten Fragen
Ihre Resultats-Entwicklung
Sie haben dieses Quiz seit der letzten Aktualisierung nicht gespielt